000 01249nam a2200289 c 4500
999 _c187787
_d187787
003 BLK
005 20221206141605.0
008 180411b bul|||||r ||||||| ||bul||
010 _aKNG00196804000
040 _aBLK
041 _aBUL
_cBUL
080 _aЗвезди и звездни системи. Вселена - Космически лъчи, междузвездно пространство, Галактика, Млечен път, космология, извънгалактически системи
_b524
_z524
100 1 _aСтанев, Тодор
_eпърви автор
_9344427
139 _aСтанев, Тодор
_bС 68
245 1 0 _aКосмичните лъчи
_bНауч.-попул. четиво
_cТодор Станев.
257 _aBGR
260 _aСофия
_bНар. младеж
_c1980
300 _a118 с.
_bс ил.
_c20 см
380 _a5
490 1 _aБиблиотека Радар : Книга за най-новото в науката и техниката
_v26
650 4 _aКосмически лъчи
_9344428
852 _aЦб 105362
856 4 _qpdf
_i0.00
_ldisable
856 4 _qpdf
_i0.00
_ldisable
942 _cKNG
_n0
_02
_s1
944 _aCR
_c25.11.2016
_kГеновева_Генчева
944 _aED
_c25.11.2016
_kГеновева_Генчева
944 _aED
_c2022-12-06
_kХристина Везирева
999 _d187787